1273 1630 1348 1853 1496 1871 1239 1396 1581 1405 1788 1402 1740 1771 1323 1207 1341 1790 1295 1179 1078 1799 1816 1260 1265 1735 1865 1555 1241 1938 1701 1160 1983 1732 1593 1068 1962 1990 1060 1172 1915 1378 1044 1384 1258 1851 1467 1002 1961 1726 1646 1225 1660 1384 1463 1046 1464 1157 1357 1796 1864 1576 1657 1779 1312 1170 1298 1565 1610 1679 1505 1451 1149 1479 1150 1121 1920 1344 1275 1193 1628 1546 1760 1885 1060 1443 1289 1535 1504 1944 1288 1669 1763 1785 1136 1627 1341 1691 1284 BCNSPRNW ULIB Ver.6.0+V

เปลี่ยนเป็นภาษาไทย

Change to English
 แสดงรายละเอียดบรรณานุกรม
  กลับหน้าหลัก

Brief Record : Get Marc (ISO 2709) : E-mail record : QR code < ปิดหน้าต่าง
LEADER : 00000nas 2200000uu 4500
001    13399124440
003     ULIB
008    150720s||||||||th 000 0 tha d
022 0  08992993
110 1  ฝ่ายการพยาบาล โรงพยาบาลมหาราชนครเชียงใหม่ คณะแพทยศาสตร์ มหาวิทยาลัยเชียงใหม่
245 00 วารสารพยาบาลสวนดอก/^cฝ่ายการพยาบาล โรงพยาบาลมหาราชนครเชียงใหม่ คณะแพทยศาสตร์ มหาวิทยาลัยเชียงใหม่
310    ^aราย 6 เดือน
850 ^a ULIB^bปีที่ 21 ฉบับที่ 1 ฉ.1
945    ^p0^l0^i903154
999    ^aเกษร โพธิ์สุวรรณ
รายการนี้ยังไม่มีแท็ก
คุณยังไม่ได้ล็อกอิน คุณสามารถมีกิจกรรมร่วมกับเว็บไซต์ได้ แต่ต้องล็อกอินก่อน ::
  ล็อกอิน

รายการสื่อสารสนเทศ (วารสาร)

ดูแบบ: กล่อง รายการ
ARRIVED
ปีที่ 21 ฉบับที่ 1 ฉ.1
สถานที่: ห้องสมุดวิทยาเขตสวรรค์ประชารักษ์ >วารสาร

BibComment


ยังไม่เคยถูกคอมเมนท์

คอมเมนท์ทรัพยากรรายการนี้
  คอมเมนท์: วารสารพยาบาลสวนดอ..


 Copyright 2026. Bcnsprnw @Library